| 000 | 00585nam a22001457a 4500 | ||
|---|---|---|---|
| 020 | _a978-1-4075-2320-0 | ||
| 082 |
_a823 _bMCE/H |
||
| 100 | _aPORYES, MICHAEL | ||
| 245 |
_aHANNAH MONTANA _bNIGHTMARE ON HANNAH STREET |
||
| 260 |
_aUNITED KINGDOM _bPARRAGON _c2008 |
||
| 300 | _a126 | ||
| 520 | _aWhen Miley's look-alike cousin Luann pays a visit, Luann hog-ties Miley in her rock star closet so that she can attend the year's biggest Halloween party dressed as Hannah; and, when Miley's grandmother visits, she favors Jackson over her. | ||
| 650 |
_aNOVEL _zUNITED KINGDOM |
||
| 942 | _cBK | ||
| 999 |
_c2340 _d2340 |
||